Central Library OPAC University of Rajshahi

Fears and anxieties / (Record no. 12784)

MARC details
000 -LEADER
fixed length control field 00752nam a22002771 4500
001 - CONTROL NUMBER
control field 12784
003 - CONTROL NUMBER IDENTIFIER
rucl marc code BD-RjUL
005 - DATE AND TIME OF LATEST TRANSACTION
control field 20211208235345.0
008 - FIXED-LENGTH DATA ELEMENTS--GENERAL INFORMATION
fixed length control field 140129s1987 enk 001 0 eng d
020 ## - INTERNATIONAL STANDARD BOOK NUMBER
International Standard Book Number 0582296242
035 ## - SYSTEM CONTROL NUMBER
System control number (BD-RjUL)12834
040 ## - CATALOGING SOURCE
Original cataloging agency UkOxU
Language of cataloging eng
Transcribing agency UkOxU
Modifying agency BD-RjUL
041 ## - LANGUAGE CODE
Language code of text/sound track or separate title eng
082 00 - DEWEY DECIMAL CLASSIFICATION NUMBER
Classification number 302.1
Author mark and year ROF 1987
100 1# - MAIN ENTRY--PERSONAL NAME
Personal name Rowan, Don.
9 (RLIN) 39846
245 10 - TITLE STATEMENT
Title Fears and anxieties /
Statement of responsibility, etc. Don Rowan and Caroline Eayrs
260 ## - PUBLICATION, DISTRIBUTION, ETC. (IMPRINT)
Place of publication, distribution, etc. London :
Name of publisher, distributor, etc. Longman,
Date of publication, distribution, etc. 1987.
300 ## - PHYSICAL DESCRIPTION
Pagination xii, 106 p ;
Size 18 cm.
490 0# - SERIES STATEMENT
Series statement Longman applied psychology
500 ## - GENERAL NOTE
General note Includes index.
650 #0 - SUBJECT ADDED ENTRY--TOPICAL TERM
Topical term or geographic name as entry element Anxiety.
9 (RLIN) 39847
Topical term or geographic name as entry element Fear.
9 (RLIN) 39848
Topical term or geographic name as entry element Psychiatry.
9 (RLIN) 39849
700 1# - ADDED ENTRY--PERSONAL NAME
Personal name Eayrs, Caroline,
Dates associated with a name 1953-
942 ## - ADDED ENTRY ELEMENTS (KOHA)
Source of classification or shelving scheme Dewey Decimal Classification
Koha item type Books
Holdings
Lost status Source of classification or shelving scheme Damaged status Not for loan Collection code Permanent Location Current Location Shelving location Date acquired Total Checkouts Full call number Date last seen Copy number Koha item type
  Dewey Decimal Classification   Not For Loan Non-fiction Central Library, University of Rajshahi Central Library, University of Rajshahi Reading Room 03/07/1988   302.1 ROF 1987 29/01/2014 C-1 Books